[Event "It (cat.8)"]
[Site "masterchessopen.com Toledo (Spain)"]
[Round "0"]
[White "Vehi Bach Victor M (ESP)"]
[Black "Franco Ocampos Zenon (PAR)"]
[Result "0-1"]
[WhiteElo "2395"]
[BlackElo "2490"]

1.e4 c5 2.Nf3 Nc6 3.d4 cxd4 4.Nxd4 Nf6 5.Nc3 d6 6.Bg5 Bd7 7.Qd2 Rc8 8.f4 h6
9.Bxf6 gxf6 10.Nb3 f5 11.exf5 Bg7 12.Bd3 Nb4 13.O-O Qb6+ 14.Rf2 Rg8 15.Be4 Rc4
16.Re1 Rxc3 17.bxc3 Nxa2 18.Re3 a5 19.Rg3 Kf8 20.Nc1 Nxc1 21.Qxc1 a4 22.Qa3
Bf6 23.Rxg8+ Kxg8 24.g3 Qe3 25.Bd3 b5 26.Kf1 Qc5 27.Qa2 Bxc3 28.Re2 Kf8 29.Be4
b4 30.Bd3 Bc6 31.Qc4 Bd5 {#R} 0-1

[Event "It (open) (active)"]
[Site "masterchessopen.com Triberg (Germany)"]
[Round "0"]
[White "May Juergen (GER)"]
[Black "Braeuner Uwe (GER)"]
[Result "0-1"]
[WhiteElo "2023"]
[BlackElo "2134"]

1.e4 c5 2.Nf3 Nc6 3.d4 cxd4 4.Nxd4 Nf6 5.Nc3 d6 6.Bg5 Bd7 7.Qd2 Rc8 8.Nb3 h6
9.Bf4 g5 10.Be3 Ng4 11.O-O-O Bg7 12.Kb1 Be6 13.Be2 Nxe3 14.Qxe3 a6 15.Nd5 Bxd5
16.exd5 Ne5 17.Rhe1 Nc4 18.Bxc4 Rxc4 19.Nd4 Bxd4 20.Rxd4 Rxd4 21.Qxd4 O-O
22.Qe4 Re8 23.a3 Qd7 24.h4 e5 25.hxg5 hxg5 26.Qe3 f6 27.Rh1 Kg7 28.Qd3 e4
29.Qg3 Rh8 30.Rxh8 Kxh8 31.Qe3 Qf5 32.c4 Kg7 33.Qb6 Qd7 34.Qe3 Qf5 35.Ka2 Kg6
36.Qb6 {#R} 0-1

[Event "Staatsliga"]
[Site "masterchessopen.com Austria"]
[Round "0"]
[White "Schlosser Michael (AUT)"]
[Black "Froeschl Felix (AUT)"]
[Result "1-0"]
[WhiteElo "2385"]
[BlackElo "2167"]

1.e4 c5 2.Nf3 d6 3.d4 cxd4 4.Nxd4 Nf6 5.Nc3 Nc6 6.Bg5 Bd7 7.Qd2 Rc8 8.O-O-O
Nxd4 9.Qxd4 Qa5 10.f4 e6 11.e5 dxe5 12.fxe5 Bc6 13.Bc4 Nd7 14.Rhe1 Qc5 15.Qe4
h5 16.Qf4 g6 17.Bb3 Nb6 18.Rf1 Rh7 19.Bxe6 fxe6 20.Qf6 Be4 21.Qd8+ Rxd8
22.Rxd8# 1-0

[Event "It \"]
[Site "masterchessopen.com Budapest (Hungary)"]
[Round "5"]
[White "Foldi Istvan (HUN)"]
[Black "Berebora Ferenc (HUN)"]
[Result "0-1"]
[WhiteElo "2285"]
[BlackElo "2407"]

1.e4 c5 2.Nf3 Nc6 3.d4 cxd4 4.Nxd4 Nf6 5.Nc3 d6 6.Bg5 Bd7 7.Qd2 Rc8 8.O-O-O
Nxd4 9.Qxd4 Qa5 10.Bh4 g5 11.Bg3 Bg7 12.Qd2 Nh5 13.Nd5 Qxa2 14.Qxg5 Qxb2+
15.Kd2 Rxc2+ 16.Ke3 Nf6 17.Bd3 Bh6 18.Nxf6+ Qxf6 19.Qxh6 Qxh6+ 20.Bf4 Qh5
21.Bxc2 Qc5+ {#R} 0-1

[Event "It"]
[Site "masterchessopen.com Cebu (Philippines)"]
[Round "0"]
[White "Rodriguez Ruben (PHI)"]
[Black "Antonio Rogelio Jr (PHI)"]
[Result "1-0"]
[WhiteElo "2415"]
[BlackElo "2520"]

1.e4 c5 2.Nf3 Nc6 3.d4 cxd4 4.Nxd4 Nf6 5.Nc3 d6 6.Bg5 Bd7 7.Qd2 Rc8 8.O-O-O
Nxd4 9.Qxd4 Qa5 10.Bd2 Qe5 11.Qxa7 Nxe4 12.Qxb7 Nxd2 13.Bb5 Rd8 14.Nd5 f6
15.Rhe1 Qf5 16.Rxd2 Bxb5 17.Rxe7+ {#r} 1-0

[Event "It (open)"]
[Site "masterchessopen.com Dearborn (USA)"]
[Round "11"]
[White "Fedorowicz John P (USA)"]
[Black "Basin Leonid (RUS)"]
[Result "1-0"]
[WhiteElo "2560"]
[BlackElo "2420"]

1.e4 c5 2.Nf3 d6 3.d4 cxd4 4.Nxd4 Nf6 5.Nc3 Nc6 6.Bg5 Bd7 7.Qd2 Nxd4 8.Qxd4 h6
9.Bxf6 gxf6 10.O-O-O Qa5 11.f4 Rg8 12.f5 Rc8 13.Kb1 Qc5 14.Qd2 e6 15.g3 Kd8
16.Bh3 Qe5 {#r} 1-0

[Event "Ch Europe (team)"]
[Site "masterchessopen.com Debrecen (Hungary)"]
[Round "0"]
[White "Dutreeuw Marc (BEL)"]
[Black "Robatsch Karl (AUT)"]
[Result "0-1"]
[WhiteElo "2425"]
[BlackElo "2405"]

1.e4 c5 2.Nf3 d6 3.d4 cxd4 4.Nxd4 Nf6 5.Nc3 Nc6 6.Bg5 Bd7 7.Qd2 Rc8 8.O-O-O
Nxd4 9.Qxd4 Qa5 10.Bd2 a6 11.Kb1 Qc5 12.Qxc5 Rxc5 13.Be3 Rc8 14.f3 g6 15.Bd4
Bg7 16.Nd5 Nh5 17.Be3 Be6 18.Nb6 Rc6 19.b4 f5 20.b5 Rc3 21.Bd4 Bxd4 22.Rxd4
Nf6 23.Kb2 Rc5 24.bxa6 bxa6 25.Bxa6 fxe4 26.fxe4 O-O 27.Bd3 Ng4 28.a4 Rf2
29.Bc4 Bxc4 30.Rxc4 Re5 31.Ra1 Ra5 32.Rc8+ Kf7 33.Nc4 Ra7 34.a5 Re2 35.Ra4 Nf6
36.Nb6 Rxe4 37.c4 h5 38.a6 {#R} 0-1

[Event "Ch World (juniors) (under 18)"]
[Site "masterchessopen.com Duisburg (Germany)"]
[Round "3"]
[White "Vouldis Angelos (GRE)"]
[Black "Martins George (BRA)"]
[Result "1-0"]
[WhiteElo "2484"]
[BlackElo "2265"]

1.e4 c5 2.Nf3 Nc6 3.d4 cxd4 4.Nxd4 Nf6 5.Nc3 d6 6.Bg5 Bd7 7.Qd2 Rc8 8.O-O-O
Nxd4 9.Qxd4 Rxc3 10.Qxc3 Nxe4 11.Qe3 Nxg5 12.Qxg5 Qb6 13.Bc4 g6 14.Qf4 e6
15.Bb3 Be7 16.h4 O-O 17.h5 g5 18.Qg3 h6 19.f4 Rc8 20.Rhe1 d5 21.Re5 f6 22.fxg5
hxg5 23.Ree1 Kf7 24.Qd3 Rg8 25.Bxd5 Rg7 26.h6 {#r} 1-0

[Event "Oberliga Northeast 1991/92"]
[Site "masterchessopen.com Germany"]
[Round "-57"]
[White "Ingmann Volker"]
[Black "Berger Gerd-Helmar (GER)"]
[Result "1-0"]
[WhiteElo "2200"]
[BlackElo "2053"]

1.e4 c5 2.Nf3 Nc6 3.d4 cxd4 4.Nxd4 Nf6 5.Nc3 d6 6.Bg5 Bd7 7.Qd2 Rc8 8.f3 Nxd4
9.Qxd4 Qa5 10.h4 h6 11.Be3 a6 12.Bc4 e6 13.Bb3 Be7 14.O-O-O Bc6 15.g4 Nd7
16.Qd2 Nc5 17.Kb1 b5 18.g5 Nxb3 19.axb3 h5 20.Bd4 b4 21.Ne2 e5 22.Bf2 g6
23.Ng3 Qc7 24.Nf1 d5 25.Ng3 O-O 26.exd5 Rfd8 27.Ne4 Bxd5 28.Qe2 Qc6 29.Bg3
Bxe4 30.fxe4 Rd4 31.Rxd4 exd4 32.Rd1 Bc5 33.Rf1 a5 34.Rf6 Qd7 35.e5 Re8 36.Qc4
Qe7 37.Rxg6+ Kh7 38.Rc6 Ba7 {#r} 1-0

[Event "Ch Germany (juniors) (under 20)"]
[Site "masterchessopen.com Karlsruhe (Germany)"]
[Round "4"]
[White "Merklinger Markus (GER)"]
[Black "Wild Helmut (GER)"]
[Result "1-0"]
[WhiteElo "2127"]
[BlackElo "1975"]

1.e4 c5 2.Nf3 Nc6 3.d4 cxd4 4.Nxd4 Nf6 5.Nc3 d6 6.Bg5 Bd7 7.Qd2 Rc8 8.Be2 Ne5
9.Bxf6 gxf6 10.O-O Nc4 11.Bxc4 Rxc4 12.Qd3 Rc8 13.Kh1 Qb6 14.Nd5 Qc5 15.c3 h5
16.f4 h4 17.h3 Rg8 18.Rf3 Rh8 19.Re1 Qc4 20.Qb1 Qc5 21.Qd1 Qa5 22.Qb3 b6 23.e5
Rh5 24.Nxf6+ exf6 25.exd6+ Kd8 26.Qxf7 Bxd6 27.Ne6+ Bxe6 28.Rxe6 {#r} 1-0

[Event "It (open)"]
[Site "masterchessopen.com Kassel (Germany)"]
[Round "6"]
[White "Bode Wilfried (GER)"]
[Black "Majer Damir (GER)"]
[Result "1-0"]
[WhiteElo "2356"]
[BlackElo "2256"]

1.e4 c5 2.Nf3 Nc6 3.d4 cxd4 4.Nxd4 Nf6 5.Nc3 d6 6.Bg5 Bd7 7.Qd2 Rc8 8.O-O-O
Qa5 9.Nb3 Qc7 10.f4 h6 11.Bh4 g5 12.fxg5 Ng4 13.Kb1 a6 14.h3 hxg5 15.Bxg5 Bg7
16.Nd5 Qb8 17.Nb6 Nge5 18.Nxc8 Qxc8 19.Be2 b5 20.Be3 Qb7 21.Rhe1 Nc4 22.Bxc4
bxc4 23.Nd4 Be6 24.c3 Bd7 25.Nf5 Be5 26.Bf4 Kd8 27.Bxe5 Nxe5 28.Nxe7 Nd3
29.Nd5 Ba4 30.Nb4 Bxd1 31.Nxd3 Bh5 32.Nf4 Kc7 33.Qd4 {#r} 1-0

[Event "It (open)"]
[Site "masterchessopen.com Katerini (Greece)"]
[Round "0"]
[White "Zaichik Gennadi (USA)"]
[Black "Groszpeter Attila (HUN)"]
[Result "1-0"]
[WhiteElo "2457"]
[BlackElo "2520"]

1.e4 c5 2.Nf3 d6 3.d4 cxd4 4.Nxd4 Nf6 5.Nc3 Nc6 6.Bg5 Bd7 7.Qd2 Rc8 8.f4 Nxd4
9.Qxd4 Qa5 10.e5 dxe5 11.fxe5 e6 12.O-O-O Bc6 13.Bb5 Nd5 14.Nxd5 Bxb5 15.Qxa7
Bb4 16.Qxa5 Bxa5 17.Ne3 Rc5 18.Bf4 Bc7 19.Rhe1 Bxe5 20.Bxe5 Rxe5 21.c4 Bd7
22.b4 Re4 23.b5 f5 24.Kb2 Ke7 25.Rd4 Ra8 26.Kb3 Be8 27.Rxe4 fxe4 28.Rd1 Kf6
29.a4 Ke5 30.c5 Bh5 31.Nc4+ Kf4 32.Rf1+ Kg5 33.Re1 Kf4 34.Kb4 e5 35.a5 Bg4
36.g3+ {#r} 1-0

[Event "It (a)"]
[Site "masterchessopen.com Mesa (Spain)"]
[Round "0"]
[White "Topalov Veselin (BUL)"]
[Black "Franco Ocampos Zenon (PAR)"]
[Result "1-0"]
[WhiteElo "2520"]
[BlackElo "2520"]

1.e4 c5 2.Nf3 Nc6 3.d4 cxd4 4.Nxd4 Nf6 5.Nc3 d6 6.Bg5 Bd7 7.Qd2 Rc8 8.f4 h6
9.Bxf6 gxf6 10.Nf5 Qa5 11.Bd3 Nb4 12.O-O Nxd3 13.Qxd3 Qb6+ 14.Kh1 Qxb2 15.Nd5
Qxc2 16.Qe3 Qc5 17.Nd4 Rg8 18.Rfc1 Qa5 19.Rxc8+ Bxc8 20.Qc1 Bd7 21.Nb3 Qa4
22.Qc7 Qc6 23.Qa5 b6 24.Qxa7 Qc2 25.Qb8+ Bc8 26.Ne3 {#r} 1-0

[Event "It (open)"]
[Site "masterchessopen.com Oberwart (Austria)"]
[Round "7"]
[White "Haba Petr (CZE)"]
[Black "Kaspret Guido (AUT)"]
[Result "1-0"]
[WhiteElo "2505"]
[BlackElo "2292"]

1.e4 c5 2.Nf3 Nc6 3.d4 cxd4 4.Nxd4 Nf6 5.Nc3 d6 6.Bg5 Bd7 7.Qd2 Nxd4 8.Qxd4 h6
9.Bxf6 gxf6 10.O-O-O Qa5 11.Kb1 Rc8 12.f4 Qc5 13.Qd2 f5 14.exf5 Bxf5 15.Bb5+
Kd8 16.Bd3 Bg4 17.Rde1 Bd7 18.Ne4 Qb6 19.f5 d5 20.Nc3 Bg7 21.Nd1 Bf6 22.c3 a5
23.Bc2 Rc5 24.Rhf1 Rg8 25.Rf3 Kc8 26.Qxh6 Rxg2 27.Rxe7 {#r} 1-0

[Event "It (active)"]
[Site "masterchessopen.com Oviedo (Spain)"]
[Round "0"]
[White "Rodriguez Uria Julio Antonio (ESP)"]
[Black "Ubilava Elizbar (ESP)"]
[Result "0-1"]
[WhiteElo "2272"]
[BlackElo "2527"]

1.e4 c5 2.Nf3 d6 3.d4 cxd4 4.Nxd4 Nf6 5.Nc3 Nc6 6.Bg5 Bd7 7.Qd2 Rc8 8.O-O-O
Nxd4 9.Qxd4 Qa5 10.Be3 a6 11.f3 g6 12.Kb1 Bg7 13.Nd5 Be6 14.Qb6 Qa4 15.Qb3 Qd7
16.c4 Bxd5 17.cxd5 O-O 18.Be2 b5 19.Rc1 Qb7 20.a4 Nd7 21.Rxc8 Rxc8 22.Rc1
Rxc1+ 23.Kxc1 Nc5 24.Bxc5 Qc7 25.axb5 Qxc5+ 26.Qc4 Qg1+ 27.Bf1 axb5 28.Qxb5
Qxh2 29.Qc4 Qg1 30.b4 Qf2 31.Qe2 Qd4 32.b5 Qa1+ 33.Kd2 Qb2+ 34.Ke1 Qc1+ 35.Qd1
Qc3+ 36.Qd2 Qb3 37.Qd3 {#R} 0-1

[Event "It (open)"]
[Site "masterchessopen.com Paris (France)"]
[Round "2"]
[White "Prie Eric (FRA)"]
[Black "Hartereau Philippe (FRA)"]
[Result "1-0"]
[WhiteElo "2460"]
[BlackElo "2161"]

1.e4 c5 2.Nf3 Nc6 3.d4 cxd4 4.Nxd4 Nf6 5.Nc3 d6 6.Bg5 Bd7 7.Qd2 Rc8 8.O-O-O
Nxd4 9.Qxd4 Qa5 10.Bd2 a6 11.f3 e5 12.Qf2 Be7 13.Kb1 Qc7 14.h4 b5 15.Bg5 b4
16.Nd5 Nxd5 17.Rxd5 Be6 18.Bxa6 Ra8 19.Bb5+ Kf8 20.Qd2 f6 21.Be3 Kf7 22.Qxb4
Bxd5 23.exd5 Bd8 24.Qg4 Qe7 25.Bd7 Ba5 26.Be6+ Kf8 27.Rd1 Qb7 28.Rd3 g6 29.h5
Kg7 30.Qh4 Bd8 31.h6+ Kf8 32.Qc4 Qa6 33.Qxa6 Rxa6 34.Rb3 Ra8 35.Rb7 f5 36.c4
f4 37.Ba7 Bg5 38.Bb8 Ra6 39.b4 Be7 40.Ba7 {#r} 1-0

[Event "Ch USA (juniors)"]
[Site "masterchessopen.com USA"]
[Round "5"]
[White "Shaked Tal (USA)"]
[Black "Klein Erez (USA)"]
[Result "1-0"]
[WhiteElo "2468"]
[BlackElo "2255"]

1.e4 c5 2.Nf3 d6 3.d4 cxd4 4.Nxd4 Nf6 5.Nc3 Nc6 6.Bg5 Bd7 7.Qd2 Rc8 8.O-O-O
Nxd4 9.Qxd4 Qa5 10.Bd2 e5 11.Qe3 b5 12.a3 b4 13.axb4 Qa1+ 14.Nb1 Ba4 15.Bc3
Bc6 16.f3 Be7 17.b3 Qa2 18.Bb2 Bd7 19.Nc3 Rxc3 20.Bxc3 d5 21.exd5 O-O 22.Qxe5
Bd8 23.Kd2 {#r} 1-0

[Event "It (open)"]
[Site "masterchessopen.com Warsaw (Poland)"]
[Round "0"]
[White "Hait Alexander (RUS)"]
[Black "Dragomarezkij Evgeni (RUS)"]
[Result "1-0"]
[WhiteElo "2377"]
[BlackElo "2435"]

1.e4 c5 2.Nf3 d6 3.d4 cxd4 4.Nxd4 Nf6 5.Nc3 Nc6 6.Bg5 Bd7 7.Qd2 Rc8 8.f4 Nxd4
9.Qxd4 Qa5 10.e5 dxe5 11.fxe5 e6 12.O-O-O Bc6 13.Nb5 Bxb5 14.exf6 Bc6 15.h4
gxf6 16.Bc4 Rg8 17.Qxf6 Rg6 18.Qf4 h6 19.Bf6 h5 20.Bg5 Bxg2 21.Rh2 Bc6 22.Rf2
f5 23.Re2 Bd7 24.Rd5 Qb6 25.Rxf5 Qg1+ 26.Kd2 Bg7 27.Bd3 Qg4 28.Rf8+ {#r} 1-0

[Event "It (open) (active)"]
[Site "masterchessopen.com Zalakaros (Hungary)"]
[Round "3"]
[White "Almasi Istvan (HUN)"]
[Black "Groszpeter Attila (HUN)"]
[Result "0-1"]
[WhiteElo "2389"]
[BlackElo "2520"]

1.e4 c5 2.Nf3 d6 3.d4 cxd4 4.Nxd4 Nf6 5.Nc3 Nc6 6.Bg5 Bd7 7.Qd2 Rc8 8.f4 Nxd4
9.Qxd4 Qa5 10.e5 dxe5 11.fxe5 e6 12.O-O-O Bc6 13.Nb5 Bxb5 14.exf6 Ba4 15.Bd2
Rxc2+ 16.Kb1 Rxd2 17.Rxd2 gxf6 18.Bb5+ Bxb5 19.Rc1 Bb4 20.Rc8+ Ke7 21.Rxh8
Bxd2 22.Qc5+ Kd7 23.Qd4+ Kc7 24.Rf8 Bd7 25.Qc4+ Kd6 26.Rxf7 Qf5+ 27.Ka1 Bc6
28.a3 b5 29.Qd4+ Bd5 30.Rxf6 Qc2 31.Rf1 Qb3 32.Kb1 Be3 33.Qd1 Qa2+ 34.Kc2 Qc4+
35.Kb1 Bd4 36.Qc1 Qd3+ 37.Ka1 Qxa3+ {#R} 0-1

[Event "It (open)"]
[Site "masterchessopen.com Forli (Italy)"]
[Round "6"]
[White "Caposciutti Maurizio (ITA)"]
[Black "Beggi Pierluigi (ITA)"]
[Result "1-0"]
[WhiteElo "2316"]
[BlackElo "2122"]

1.e4 c5 2.Nf3 Nc6 3.d4 cxd4 4.Nxd4 Nf6 5.Nc3 d6 6.Bg5 Bd7 7.Qd2 Rc8 8.Nb3 a5
9.Bxf6 gxf6 10.Bd3 Ne5 11.f4 Bh6 12.O-O a4 13.Nc1 Qb6+ 14.Kh1 Nc4 15.Bxc4 Rxc4
16.Nd3 Qd4 17.Nd5 Bc6 18.c3 Qa7 19.Qe2 f5 20.Nf2 Bxd5 21.exd5 b5 22.a3 Qb7
23.Qh5 Bxf4 24.Nd3 Be5 25.Nxe5 dxe5 26.Rad1 Rf4 27.Rxf4 exf4 28.Qxf5 Qd7
29.Qxf4 f6 30.Qb8+ Qd8 31.Qxb5+ Kf7 32.Qxa4 Rg8 33.Qe4 Rg6 34.Qe6+ {#r} 1-0

[Event "It (open)"]
[Site "masterchessopen.com Forli (Italy)"]
[Round "8"]
[White "Drei Andrea (ITA)"]
[Black "Beggi Pierluigi (ITA)"]
[Result "0-1"]
[WhiteElo "2260"]
[BlackElo "2122"]

1.e4 c5 2.Nf3 Nc6 3.d4 cxd4 4.Nxd4 Nf6 5.Nc3 d6 6.Bg5 Bd7 7.Qd2 Rc8 8.O-O-O
Nxd4 9.Qxd4 Qa5 10.Bxf6 gxf6 11.Bc4 Qc5 12.Bb3 Qxd4 13.Rxd4 Bg7 14.Ba4 f5
15.Bxd7+ Kxd7 16.Rb4 Bxc3 17.bxc3 fxe4 18.Rxb7+ Rc7 19.Rxc7+ Kxc7 20.Re1 f5
21.g4 e6 22.gxf5 exf5 23.Rg1 d5 24.Rg7+ Kd6 25.Kd2 Ke5 26.Rxa7 Rg8 27.a4 Rg2
28.Ke1 Rxh2 29.a5 Kf4 30.Rd7 Kf3 31.Rxd5 f4 32.Rf5 Rh1+ 33.Kd2 Rf1 34.a6 Rxf2+
35.Ke1 Rxc2 36.Ra5 e3 37.Kd1 Rd2+ 38.Kc1 Rd8 39.a7 e2 {#R} 0-1

[Event "It (open)"]
[Site "masterchessopen.com Forli (Italy)"]
[Round "3"]
[White "Wagman Stuart (USA)"]
[Black "Caposciutti Maurizio (ITA)"]
[Result "0-1"]
[WhiteElo "2125"]
[BlackElo "2316"]

1.e4 c5 2.Nf3 Nc6 3.d4 cxd4 4.Nxd4 Nf6 5.Nc3 d6 6.Bg5 Bd7 7.Qd2 Rc8 8.O-O-O
Nxd4 9.Qxd4 Qa5 10.Bd2 a6 11.Kb1 e5 12.Qd3 Be6 13.Nd5 Qd8 14.f4 Bxd5 15.exd5
e4 16.Qd4 Be7 17.g4 O-O 18.g5 Nd7 19.Qxe4 Nc5 20.Qd4 Re8 21.Bh3 Rb8 22.Rde1
Bf8 23.Rxe8 Qxe8 24.Re1 Qd8 25.f5 b5 26.g6 Be7 27.Ba5 Qf8 28.gxh7+ Kxh7 29.Qe3
Bh4 30.Rg1 Bf6 31.Bc3 Re8 32.Qf3 Ne4 33.Qh5+ Kg8 34.Bxf6 Nxf6 35.Qd1 Re5
36.Bg2 Qe7 37.a3 Rxf5 38.Qd4 Qe5 39.Qh4 Rh5 {#R} 0-1

[Event "Hessenliga 1992/93"]
[Site "masterchessopen.com Germany"]
[Round "0"]
[White "Karolyi Tibor Jr (HUN)"]
[Black "Wafzig Peter (GER)"]
[Result "1-0"]
[WhiteElo "2346"]
[BlackElo "2144"]

1.e4 c5 2.Nf3 d6 3.d4 cxd4 4.Nxd4 Nf6 5.Nc3 Nc6 6.Bg5 Bd7 7.Qd2 Rc8 8.O-O-O h6
9.Bxf6 gxf6 10.f4 f5 11.Nxf5 Bxf5 12.exf5 Bg7 13.Ne4 O-O 14.f6 exf6 15.Nxd6
Qb6 16.Nxc8 Rxc8 17.Bc4 f5 18.c3 Nd4 19.Qd3 Rd8 20.Kb1 Ne6 21.Qxf5 Rf8 22.Qg4
Nc5 23.Rhe1 a5 24.Rd2 Na4 25.Bb3 Nxc3+ 26.bxc3 a4 27.Rb2 axb3 28.Rxb3 Qf2
29.Qg3 Qa7 30.f5 Kh8 31.f6 Bxf6 32.Qe3 Qa6 33.Rb6 {#r} 1-0

[Event "It (open)"]
[Site "masterchessopen.com Hlohovec (Slovakia)"]
[Round "0"]
[White "Socko Bartosz (POL)"]
[Black "Obodchuk Andrei (RUS)"]
[Result "1-0"]
[WhiteElo "2628"]
[BlackElo "2365"]

1.e4 c5 2.Nf3 Nc6 3.d4 cxd4 4.Nxd4 Nf6 5.Nc3 d6 6.Bg5 Bd7 7.Qd2 Rc8 8.Be2 h6
9.Be3 a6 10.f3 e5 11.Nxc6 Bxc6 12.O-O-O b5 13.Kb1 Be7 14.g4 Qc7 15.Rc1 Qb7
16.Rhd1 g5 17.Nd5 Nxd5 18.exd5 Bd7 19.h4 f6 20.Rh1 Kf7 21.Rh2 Kg7 22.Rch1 Be8
23.hxg5 fxg5 24.Bd3 Bg6 25.Bxg6 Kxg6 26.Rh5 Bf6 27.Qd3+ Kg7 28.Rd1 Qf7 29.Rh3
Qg6 30.Qe2 Rc7 31.Bb6 Re7 32.Qe4 Rf7 33.Rdh1 Be7 34.Be3 Rf6 35.Kc1 Rhf8 36.Kd2
R8f7 37.Ke2 Bf8 38.R1h2 Rxf3 39.Qxg6+ {#r} 1-0

[Event "Ch Hungary (team) 1992/93"]
[Site "masterchessopen.com Hungary"]
[Round "0"]
[White "Monda Laszlo (HUN)"]
[Black "Gyurkovics Miklos (HUN)"]
[Result "0-1"]
[WhiteElo "2129"]
[BlackElo "2135"]

1.e4 c5 2.Nf3 Nc6 3.d4 cxd4 4.Nxd4 Nf6 5.Nc3 d6 6.Bg5 Bd7 7.Qd2 Rc8 8.O-O-O
Nxd4 9.Qxd4 Qa5 10.Be3 a6 11.f3 g6 12.a3 Bg7 13.Qb6 Qxb6 14.Bxb6 O-O 15.Nd5
Nxd5 16.exd5 Ba4 17.Bd3 e6 18.dxe6 fxe6 19.Kb1 Rc6 20.Be3 d5 21.Rhe1 Rfc8
22.Re2 Kf7 23.b3 Bb5 24.Bc1 Bc3 25.Bb2 d4 26.Bxc3 dxc3 27.a4 Bxd3 28.Rxd3 Kf6
29.Re4 Rc5 30.Rd6 Re5 31.Rdd4 Rxe4 32.Rxe4 b5 {#R} 0-1

[Event "Ch Latvia"]
[Site "masterchessopen.com Latvia"]
[Round "0"]
[White "Savko Alexei (LAT)"]
[Black "Lanka Zigurds (LAT)"]
[Result "0-1"]
[WhiteElo "2335"]
[BlackElo "2540"]

1.e4 c5 2.Nf3 Nc6 3.d4 cxd4 4.Nxd4 Nf6 5.Nc3 d6 6.Bg5 Bd7 7.Qd2 Nxd4 8.Qxd4 h6
9.Bxf6 gxf6 10.O-O-O Qa5 11.Bc4 Rg8 12.g3 e6 13.f4 O-O-O 14.Rhf1 Be7 15.Qd3
Kb8 16.Bb5 a6 17.Bxd7 Rxd7 18.Kb1 Rc8 19.Ne2 d5 20.f5 Rd6 21.fxe6 fxe6 22.exd5
Rxd5 23.Qe4 Re5 24.Qf4 Ka8 25.Nd4 h5 26.Qd2 Qb6 27.c3 Rd8 28.Qc2 Rdd5 29.Rfe1
Bc5 30.Rxe5 Rxe5 31.Nb3 f5 32.Qd2 Be3 33.Qd7 Ka7 34.Rd6 Qb5 35.Qxb5 axb5
36.Kc2 Re4 37.Nd2 {#R} 0-1

[Event "It (open)"]
[Site "masterchessopen.com Szekszard (Hungary)"]
[Round "2"]
[White "Feher Jozsef (HUN)"]
[Black "Videki Sandor (HUN)"]
[Result "0-1"]
[WhiteElo "1967"]
[BlackElo "2441"]

1.e4 c5 2.Nf3 d6 3.d4 cxd4 4.Nxd4 Nf6 5.Nc3 Nc6 6.Bg5 Bd7 7.Qd2 Rc8 8.Bxf6
gxf6 9.O-O-O Nxd4 10.Qxd4 Qa5 11.Bc4 Rg8 12.g3 f5 13.Rhe1 Bg7 14.e5 Bxe5
15.Qh4 Rg4 16.Bxf7+ Kxf7 17.Qxh7+ Rg7 18.Qh5+ Kg8 19.Nd5 Qxa2 20.Rxe5 dxe5
21.g4 Qa1+ 22.Kd2 Qxb2 {#R} 0-1

[Event "Ch Europe (juniors) (under 10)"]
[Site "masterchessopen.com Szombathely (Hungary)"]
[Round "0"]
[White "Mastrovasilis Dimitrios (GRE)"]
[Black "Vamos Viktor (HUN)"]
[Result "1-0"]
[WhiteElo "2607"]
[BlackElo "2232"]

1.e4 c5 2.Nf3 d6 3.d4 cxd4 4.Nxd4 Nf6 5.Nc3 Nc6 6.Bg5 Bd7 7.Qd2 Rc8 8.O-O-O
Nxd4 9.Qxd4 Qa5 10.f4 e6 11.e5 dxe5 12.fxe5 Bc6 13.Bc4 Nd7 14.Rhe1 Qc5 15.Qg4
Nxe5 16.Bxe6 Be7 17.Bxc8 Nxg4 18.Rxe7+ {#r} 1-0

[Event "Ch HSM"]
[Site "masterchessopen.com Austria"]
[Round "1"]
[White "Steiner Guenter (AUT)"]
[Black "Titz Heimo (AUT)"]
[Result "0-1"]
[WhiteElo "2178"]
[BlackElo "2330"]

1.e4 c5 2.Nf3 Nc6 3.d4 cxd4 4.Nxd4 Nf6 5.Nc3 d6 6.Bg5 Bd7 7.Qd2 Rc8 8.O-O-O
Nxd4 9.Qxd4 Qa5 10.f4 h6 11.Bxf6 gxf6 12.Be2 Qc5 13.Bf3 Bg7 14.Qxc5 Rxc5
15.Rd5 Rxd5 16.Nxd5 e6 17.Ne3 Ke7 18.Rd1 Rc8 19.h4 Bc6 20.h5 f5 21.exf5 Bxf3
22.gxf3 Rc5 23.fxe6 fxe6 24.f5 Be5 25.Ng2 Bg3 26.f6+ Kxf6 27.f4 Rxh5 28.Rd3
Rh3 29.Rxd6 Rh2 30.Rd2 h5 31.Kd1 h4 32.Ne3 Rxd2+ {#R} 0-1

[Event "It (open) \"]
[Site "masterchessopen.com Berlin (Germany)"]
[Round "0"]
[White "Zontakh Andrey (UKR)"]
[Black "Donner Bernd (GER)"]
[Result "1-0"]
[WhiteElo "2440"]
[BlackElo "2251"]

1.e4 c5 2.Nf3 Nc6 3.d4 cxd4 4.Nxd4 Nf6 5.Nc3 d6 6.Bg5 Bd7 7.Qd2 Nxd4 8.Qxd4
Qa5 9.Bd2 e5 10.Qd3 O-O-O 11.Qc4+ Bc6 12.Qxf7 Qb4 13.Bd3 Qxb2 14.Rb1 Qa3
15.Nb5 Bxb5 16.Bxb5 Qc5 17.Rb3 Kb8 {#r} 1-0

[Event "It"]
[Site "masterchessopen.com Buenos Aires (Argentina)"]
[Round "0"]
[White "Renet Olivier (FRA)"]
[Black "Scarella Enrique (ARG)"]
[Result "1-0"]
[WhiteElo "2530"]
[BlackElo "2420"]

1.e4 c5 2.Nf3 d6 3.d4 cxd4 4.Nxd4 Nf6 5.Nc3 Nc6 6.Bg5 Bd7 7.Qd2 Rc8 8.f4 h6
9.Bxf6 gxf6 10.O-O-O Nxd4 11.Qxd4 Qa5 12.Kb1 Qc5 13.Qd3 e6 14.Be2 Rg8 15.e5 f5
16.Bf3 d5 17.Bxd5 Rc7 18.Bf3 Be7 19.g4 fxg4 20.Qh7 Rf8 21.Bxg4 Bc6 22.Rhf1 Qb6
23.Bf3 Ba3 24.Bxc6+ Rxc6 25.Na4 Qb5 26.Rf3 Be7 27.Nc3 Qc4 28.b3 Qa6 29.Rfd3 b5
30.Qe4 Rg8 31.Qh7 Rf8 32.Qg7 Qc8 33.Ne4 Rxc2 34.Nf6+ Bxf6 35.Qxf6 {#r} 1-0

[Event "It (open)"]
[Site "masterchessopen.com Buenos Aires (Argentina)"]
[Round "5"]
[White "Marcussi Bartolome (ARG)"]
[Black "Roman Facundo (ARG)"]
[Result "1-0"]
[WhiteElo "2275"]
[BlackElo "2292"]

1.e4 c5 2.Nf3 Nc6 3.d4 cxd4 4.Nxd4 Nf6 5.Nc3 d6 6.Bg5 Bd7 7.Qd2 Rc8 8.Nb3 Na5
9.f3 Nc4 10.Bxc4 Rxc4 11.Qd3 Rc8 12.O-O a6 13.Rfe1 Qc7 14.Rac1 Qc4 15.Qd2 h6
16.Bxf6 gxf6 17.Nd5 Qc6 18.Re3 b6 19.Rc3 Qb7 20.Rxc8+ Bxc8 21.Qd4 Rg8 22.Nxb6
Bh3 23.g3 f5 24.Na5 {#r} 1-0

[Event "It (open)"]
[Site "masterchessopen.com Fortaleza (Brazil)"]
[Round "9"]
[White "Barreto Ignacio C B (BRA)"]
[Black "Milos Gilberto (BRA)"]
[Result "0-1"]
[WhiteElo "2238"]
[BlackElo "2575"]

1.e4 c5 2.Nc3 Nc6 3.Nge2 d6 4.d4 cxd4 5.Nxd4 Nf6 6.Bg5 Bd7 7.Qd2 Rc8 8.O-O-O
Nxd4 9.Qxd4 Qa5 10.Bd2 a6 11.Kb1 Qc7 12.Bg5 h6 13.Bh4 g5 14.Bg3 Bg7 15.Qd2 Be6
16.f3 Nd7 17.Bf2 Bxc3 18.Qxc3 Qxc3 19.bxc3 Rg8 20.Bd4 Nc5 21.Re1 f6 22.h4 Na4
23.hxg5 hxg5 24.Re3 Bf7 25.c4 Bxc4 26.Bxc4 Rxc4 27.Rd3 Kf7 28.Ba1 Rgc8 29.Rd4
Nb6 30.Rd3 Nd7 31.Rd2 Rb4+ 32.Kc1 Rcc4 33.Bb2 Nb6 34.Ba3 Rb5 35.Rd3 Ra4
36.Bxd6 exd6 37.Rxd6 Rxa2 {#R} 0-1

[Event "Ch Helsinki"]
[Site "masterchessopen.com Helsinki (Finland)"]
[Round "0"]
[White "Sammalvuo Tapani (FIN)"]
[Black "Kokkila Tero (FIN)"]
[Result "0-1"]
[WhiteElo "2477"]
[BlackElo "2330"]

1.e4 c5 2.Nf3 d6 3.d4 cxd4 4.Nxd4 Nf6 5.Nc3 Nc6 6.Bg5 Bd7 7.Qd2 Rc8 8.O-O-O
Nxd4 9.Qxd4 Qa5 10.Bd2 e5 11.Qd3 a6 12.Kb1 Be6 13.Nd5 Qd8 14.Bg5 Bxd5 15.exd5
h6 16.Be3 Ng4 17.Ba7 Qc7 18.Be2 Nf6 19.Qb3 Nd7 20.Be3 Be7 21.g4 Bg5 22.Bxg5
hxg5 23.Rd2 Nc5 24.Qe3 Qd8 25.h4 Rxh4 26.Rxh4 gxh4 27.f4 Qf6 28.fxe5 Qxe5
29.Qf3 Kf8 30.Bd1 Ne4 31.Rd3 Re8 32.Qg2 Ng5 33.Qf2 Qe1 34.Qf4 Re5 35.Kc1 f6
36.Rd2 Qe3 37.Qxe3 Rxe3 38.Rh2 h3 39.Kd2 Rg3 40.Ke1 Rg1+ {#R} 0-1